000 00726nam a22002417a 4500
001 32535
003 UA-OsUOA
005 20240209143100.0
007 ta
008 20050204b un ||||| |||| 00| 0 ukr d
040 _aUA-OsUOA
_brus
_cUA-OsUOA
_dUA-OsUOA
041 _arus
044 _aRU
080 _a3(038)
090 _a3(038)
_bЛ77
100 _aЛопатников Л. И.
_91701
245 _aПопулярный экономико-математический словарь
_cЛ. И. Лопатников ; ред. В. А. Бабайцев, А. И. Кантер
260 _aМосква
_bЗнание
_c1979
300 _a192 с.
_bІлюстрації
650 7 _2UDC
942 _cBK
_2udc
955 _a0
999 _c318980
_d318980